Applied statistics in physical education and sports (Record no. 394066)

MARC details
000 -LEADER
fixed length control field 00555 a2200205 4500
005 - DATE & TIME
control field 20260203161312.0
008 - FIXED-LENGTH DATA ELEMENTS--GENERAL INFORMATION
fixed length control field 260203b |||||||| |||| 00| 0 eng d
020 ## - ISBN
International Standard Book Number 9789388269704
Price Rs.1200.00
040 ## - CATALOGING SOURCE
Original cataloging agency VIVEKANANDA LIBRARY
082 ## - DDC NUMBER
Classification number 796.070245195
Book Number K959A
100 ## - MAIN ENTRY--PERSONAL NAME
Personal name Kulbir Singh, ed.
245 ## - TITLE STATEMENT
Title Applied statistics in physical education and sports
260 ## - PUBLICATION, DISTRIBUTION, ETC. (IMPRINT)
Name of publisher, distributor, etc Sports Publication
Date of publication, distribution, etc 2026
Place of publication, distribution, etc New Delhi
300 ## - PHYSICAL DESCRIPTION
Pages 320
440 ## - Series Statement
Series Title M.P.ED. Series
650 ## - Subject
Subject Physical Education
650 ## - Subject
Subject Sports
650 ## - Subject
Subject Statistics-Sports
942 ## - ADDED ENTRY ELEMENTS (KOHA)
Koha item type Books
Holdings
Withdrawn status Lost status Source of classification or shelving scheme Damaged status Not for loan Location (home branch) Sublocation or collection (holding branch) Shelving location Date acquired Koha issues (times borrowed) Koha full call number Accession No. Koha date last seen Koha item type
    Dewey Decimal Classification     VIVEKANANDA LIBRARY VIVEKANANDA LIBRARY Vivekananda Library 05/01/2026   796.070245195 K959A 444215 05/01/2026 Books
© Designed and Maintained by Vivekananda Library, MDU Rohtak